000 00310nam a22001337a 4500
020 _a817826360-2
082 _a823
_bDOY/W
100 _aSIR ARTHUR CONAN DOYLE
245 _aTHE WHITE COMPANY
260 _aDELHI
_bROHAN BOOK COMPANY
_c2003
300 _a222
650 _aMODERN ILLUSTRATED CLASSICS
942 _cBK
999 _c385
_d385